ARRUPE JESUIT UNIVERSITY

CORONAVIRUS -STOP THE SPREAD - CLEAN,DISINFECT,COVER

Rogue lawyer / (Record no. 130555)

MARC details
000 -LEADER
fixed length control field 02378cam a2200361 i 4500
001 - CONTROL NUMBER
control field 18855646
003 - CONTROL NUMBER IDENTIFIER
control field ARRUPE
005 - DATE AND TIME OF LATEST TRANSACTION
control field 20201028110559.0
008 - FIXED-LENGTH DATA ELEMENTS--GENERAL INFORMATION
fixed length control field 151113t20152015nyu 000 1 eng d
010 ## - LIBRARY OF CONGRESS CONTROL NUMBER
LC control number 2015431396
020 ## - INTERNATIONAL STANDARD BOOK NUMBER
International Standard Book Number 9780385539432
Qualifying information (hardcover)
020 ## - INTERNATIONAL STANDARD BOOK NUMBER
International Standard Book Number 0385539436
Qualifying information (hardcover)
020 ## - INTERNATIONAL STANDARD BOOK NUMBER
Cancelled/invalid ISBN 9780385539449
Qualifying information (eBook)
035 ## - SYSTEM CONTROL NUMBER
System control number (OCoLC)ocn913098460
040 ## - CATALOGING SOURCE
Original cataloging agency TOH
Language of cataloging eng
Transcribing agency TOH
Description conventions rda
Modifying agency YDXCP
-- BTCTA
-- BDX
-- FLWMD
-- WARTN
-- UPZ
-- OCLCO
-- OCLCF
-- OCLCO
-- ABG
-- FOLLT
-- ZGV
-- WEA
-- ILC
-- VP@
-- CDX
-- OVY
-- UCX
-- OCLCQ
-- NDS
-- OCLCO
-- DLC
042 ## - AUTHENTICATION CODE
Authentication code lccopycat
043 ## - GEOGRAPHIC AREA CODE
Geographic area code n-usu--
050 00 - LIBRARY OF CONGRESS CALL NUMBER
Classification number P24.G869 R6
082 04 - DEWEY DECIMAL CLASSIFICATION NUMBER
Classification number 813/.54
Edition number 23
300 ## - PHYSICAL DESCRIPTION
Dimensions 25 cm
100 1# - MAIN ENTRY--PERSONAL NAME
Personal name Grisham, John,
Relator term author.
9 (RLIN) 50017
245 10 - TITLE STATEMENT
Title Rogue lawyer /
Statement of responsibility, etc John Grisham.
250 ## - EDITION STATEMENT
Edition statement First edition.
260 ## - PUBLICATION, DISTRIBUTION, ETC. (IMPRINT)
Place of publication, distribution, etc London:
Name of publisher, distributor, etc Hodder and Stoughton,
Date of publication, distribution, etc 2016.
300 ## - PHYSICAL DESCRIPTION
Extent 371 pages ;
520 ## - SUMMARY, ETC.
Summary, etc Sebastian Rudd is not your typical street lawyer. He works out of a customized bulletproof van, complete with Wi-Fi, a bar, a small fridge, fine leather chairs, a hidden gun compartment, and a heavily armed driver. He has no firm, no partners, no associates, and only one employee, his driver, who's also his bodyguard, law clerk, confidant, and golf caddy. He lives alone in a small but extremely safe penthouse apartment, and his primary piece of furniture is a vintage pool table. He drinks small-batch bourbon and carries a gun. Sebastian defends people other lawyers won't go near: a drug-addled, tattooed kid rumored to be in a satanic cult, who is accused of molesting and murdering two little girls; a vicious crime lord on death row; a homeowner arrested for shooting at a SWAT team that mistakenly invaded his house. Why these clients? Because he believes everyone is entitled to a fair trial, even if he, Sebastian, has to cheat to secure one.
650 #0 - SUBJECT ADDED ENTRY--TOPICAL TERM
Topical term or geographic name as entry element Girls
General subdivision Crimes against
Form subdivision Fiction.
9 (RLIN) 50020
856 42 - ELECTRONIC LOCATION AND ACCESS
Materials specified Contributor biographical information
Uniform Resource Identifier <a href="http://www.loc.gov/catdir/enhancements/fy1605/2015431396-b.html">http://www.loc.gov/catdir/enhancements/fy1605/2015431396-b.html</a>
856 42 - ELECTRONIC LOCATION AND ACCESS
Materials specified Publisher description
Uniform Resource Identifier <a href="http://www.loc.gov/catdir/enhancements/fy1605/2015431396-d.html">http://www.loc.gov/catdir/enhancements/fy1605/2015431396-d.html</a>
856 41 - ELECTRONIC LOCATION AND ACCESS
Materials specified Sample text
Uniform Resource Identifier <a href="http://www.loc.gov/catdir/enhancements/fy1605/2015431396-s.html">http://www.loc.gov/catdir/enhancements/fy1605/2015431396-s.html</a>
906 ## - LOCAL DATA ELEMENT F, LDF (RLIN)
a 7
b cbc
c copycat
d 2
e ncip
f 20
g y-gencatlg
942 ## - ADDED ENTRY ELEMENTS (KOHA)
Source of classification or shelving scheme Library of Congress Classification
Koha item type Monograph ( Printed materials)
Holdings
Withdrawn status Lost status Source of classification or shelving scheme Damaged status Not for loan Collection code Home library Current library Shelving location Date acquired Total Checkouts Full call number Barcode Date last seen Price effective from Koha item type
    Library of Congress Classification     Main Collection ARRUPE LIBRARY ARRUPE LIBRARY Main Collection 28/10/2020   P24.G869 R6 46600008151 28/10/2020 28/10/2020 Monograph ( Printed materials)

 

Arrupe Library. PO Box MP320 Mt Pleasant, Harare, Zimbabwe
263 242 745411|librarian@aju.ac.zw